000
00324nam a22001457a 4500
008
230207b ||||| |||| 00| 0 eng d
020
_a
9780393977684
041
_a
eng
080
_2
SEVENTH EDITION
_a
159.9
082
_a
159.9GLE
100
_a
25
101
_a
PSI
245
_a
PSYCHOLOGY
_c
GLEITMAN H
942
_2
udc
_c
BK
999
_c
59328
_d
59328